[Event "Titled Tuesday intern op 30th Apr Early"]
[Site "Chess.com INT"]
[Date "2024.04.30"]
[Round "5"]
[White "Goh, Zi Han"]
[Black "Antunes, Luciano Justi"]
[Result "0-1"]
[WhiteElo "2306"]
[BlackElo "2045"]
[PlyCount "38"]
[EventDate "2024.04.30"]
[EventType "swiss (blitz)"]
[EventRounds "11"]
[EventCountry "USA"]
[SourceTitle "CB19_2024"]
[SourceDate "2024.05.08"]
[SourceVersion "1"]
[SourceVersionDate "2024.05.08"]
[SourceQuality "1"]

1. c4 Nf6 2. g3 g6 3. Bg2 Bg7 4. Nf3 0-0 5. 0-0 d6 6. d4 Nc6 7. b3 Bf5 8. Bb2 a6 9. Nc3 Ne4 10. e3 Nxc3 11. Bxc3 Be4 12. Re1 e5 13. d5 Ne7 14. Bf1 Bf5 15. e4 Bd7 16. b4 f5 17. Ng5 fxe4 18. Bg2 Nf5 19. Bxe4 Qxg5 0-1

[Event "Titled Tuesday intern op 30th Apr Early"]
[Site "Chess.com INT"]
[Date "2024.04.30"]
[Round "3"]
[White "Vila Dupla, Aurelio"]
[Black "Goh, Zi Han"]
[Result "1-0"]
[WhiteElo "2042"]
[BlackElo "2306"]
[PlyCount "81"]
[EventDate "2024.04.30"]
[EventType "swiss (blitz)"]
[EventRounds "11"]
[EventCountry "USA"]
[SourceTitle "CB19_2024"]
[SourceDate "2024.05.08"]
[SourceVersion "1"]
[SourceVersionDate "2024.05.08"]
[SourceQuality "1"]

1. Nf3 Nf6 2. d4 d5 3. c4 c6 4. cxd5 cxd5 5. Nc3 Nc6 6. Bf4 a6 7. e3 Bf5 8. Bd3 Bxd3 9. Qxd3 e6 10. 0-0 Be7 11. Rfc1 0-0 12. Bg5 Qd7 13. a3 Rfc8 14. Bxf6 Bxf6 15. b4 Ne7 16. Rc2 Nf5 17. Ne5 Bxe5 18. dxe5 Qc7 19. Rac1 Qxe5 20. Nxd5 Rxc2 21. Qxc2 Qxd5 22. e4 Nd4 23. exd5 Nxc2 24. Rxc2 exd5 25. Rc7 g6 26. Kf1 Kg7 27. Rxb7 Kf6 28. Ke2 Ke6 29. Kd3 a5 30. b5 a4 31. Kd4 Rc8 32. Rb6+ Ke7 33. Rc6 Rb8 34. b6 Kd7 35. Rc7+ Kd6 36. Rxf7 Rxb6 37. Rf6+ Kc7 38. Rxb6 Kxb6 39. Kxd5 Kb5 40. f4 h5 41. g3 1-0

[Event "Sant Boi de Llobregat op 4th"]
[Site "Sant Boi de Llobregat"]
[Date "2023.12.02"]
[Round "3"]
[White "Pranav, Anand"]
[Black "Goh, Zi Han"]
[Result "1-0"]
[WhiteElo "2520"]
[BlackElo "2333"]
[PlyCount "69"]
[EventDate "2023.11.30"]
[EventType "swiss"]
[EventRounds "9"]
[EventCountry "ESP"]
[SourceTitle "CB50_2023"]
[SourceDate "2023.12.13"]
[SourceVersion "1"]
[SourceVersionDate "2023.12.13"]
[SourceQuality "1"]

1. e4 c5 2. Nf3 d6 3. d4 cxd4 4. Nxd4 Nf6 5. Nc3 a6 6. Be3 e5 7. Nb3 Be6 8. f3 h5 9. Qd2 Nbd7 10. Nd5 Nxd5 11. exd5 Bf5 12. Na5 Rc8 13. Nxb7 Qc7 14. Na5 Qxc2 15. Bxa6 Qxd2+ 16. Bxd2 Rc2 17. b4 Be7 18. Bb5 0-0 19. Ba4 Rc7 20. 0-0 e4 21. Rae1 Bh4 22. fxe4 Bxe1 23. Rxe1 Nb6 24. Bc6 Bg6 25. Bf4 Nc8 26. Nc4 f5 27. e5 dxe5 28. Nxe5 Be8 29. Ng6 Bxc6 30. Nxf8 Ra7 31. dxc6 Kxf8 32. b5 Rxa2 33. Rb1 Ra4 34. b6 Nxb6 35. Bd6+ 1-0

[Event "Wch U14"]
[Site "Montesilvano"]
[Date "2023.11.22"]
[Round "9"]
[White "Dhruva, Thota"]
[Black "Goh, Zi Han"]
[Result "1-0"]
[WhiteElo "2192"]
[BlackElo "2333"]
[PlyCount "77"]
[EventDate "2023.11.13"]
[EventType "swiss"]
[EventRounds "11"]
[EventCountry "ITA"]
[SourceTitle "CB48_2023"]
[SourceDate "2023.11.29"]
[SourceVersion "1"]
[SourceVersionDate "2023.11.29"]
[SourceQuality "1"]

1. e4 c5 2. Nf3 d6 3. d4 cxd4 4. Nxd4 Nf6 5. Nc3 a6 6. Bg5 e6 7. f4 Qc7 8. Bxf6 gxf6 9. Qf3 b5 10. a3 Bb7 11. Be2 h5 12. Qh3 Nd7 13. Bxh5 0-0-0 14. 0-0-0 Bh6 15. Rhf1 Qc5 16. g4 Nb6 17. Kb1 Qc7 18. g5 Bg7 19. g6 Qc5 20. f5 e5 21. Nb3 Qc7 22. Na5 Rh6 23. gxf7 Qxf7 24. Qe3 Rxh5 25. Qxb6 Qc7 26. Qxc7+ Kxc7 27. Rg1 Rd7 28. Nxb7 Kxb7 29. Rg2 Bh6 30. Rd3 Bg5 31. a4 bxa4 32. Nxa4 Kc6 33. Nc3 Rdh7 34. Nd5 Rxh2 35. Rgg3 Rb7 36. Ra3 Re2 37. Rac3+ Kd7 38. Rh3 Re1+ 39. Ka2 1-0

[Event "Wch U14"]
[Site "Montesilvano"]
[Date "2023.11.20"]
[Round "7"]
[White "Haug, Havard"]
[Black "Goh, Zi Han"]
[Result "1-0"]
[WhiteElo "2223"]
[BlackElo "2333"]
[PlyCount "147"]
[EventDate "2023.11.13"]
[EventType "swiss"]
[EventRounds "11"]
[EventCountry "ITA"]
[SourceTitle "CB48_2023"]
[SourceDate "2023.11.29"]
[SourceVersion "1"]
[SourceVersionDate "2023.11.29"]
[SourceQuality "1"]

1. e4 c5 2. c3 d5 3. exd5 Qxd5 4. d4 Nf6 5. Nf3 e6 6. Na3 a6 7. Nc4 Nbd7 8. Be2 cxd4 9. Nxd4 Bc5 10. 0-0 0-0 11. Be3 Ne5 12. Nxe5 Qxe5 13. Bf3 Qc7 14. Bg5 Bd7 15. Bxf6 gxf6 16. Qd2 Kh8 17. Rad1 Rad8 18. Qh6 Be7 19. Rfe1 Rg8 20. Nb3 Rg6 21. Qe3 Rg5 22. Rd3 Re5 23. Qd2 Rxe1+ 24. Qxe1 Bc8 25. Qd2 Rxd3 26. Qxd3 Qd6 27. Qc4 Qd8 28. g3 Kg8 29. Qf4 Qd6 30. Qa4 Kg7 31. Na5 Qd2 32. Qc4 Bd7 33. Bxb7 Qxb2 34. Bc6 Bxc6 35. Nxc6 Bd6 36. Qg4+ Kf8 37. Qd4 Be7 38. Nxe7 Kxe7 39. Qa7+ Kf8 40. Qxa6 Qxc3 41. Qa8+ Kg7 42. a4 f5 43. a5 f4 44. gxf4 Qc1+ 45. Kg2 Qxf4 46. Qf3 Qa4 47. Qc3+ Kf8 48. h3 Qb5 49. Qa3+ Ke8 50. a6 Qg5+ 51. Kf1 Qb5+ 52. Ke1 Qe5+ 53. Kf1 Qb5+ 54. Kg2 Qg5+ 55. Qg3 Qb5 56. Qd6 Qg5+ 57. Kh2 Qf5 58. Qb8+ Kd7 59. Qb7+ Ke8 60. Qc8+ Ke7 61. Qc7+ Ke8 62. f4 Qd3 63. a7 Qe2+ 64. Kg3 Qe1+ 65. Kg4 Qe2+ 66. Kh4 Qf2+ 67. Kh5 Qf3+ 68. Kh6 Qe4 69. Qc8+ Ke7 70. Qg8 Qd4 71. Qg5+ f6 72. Qg7+ Kd6 73. a8Q Qxf4+ 74. Kxh7 1-0

[Event "Qatar Masters op"]
[Site "Doha"]
[Date "2023.10.19"]
[Round "8"]
[White "Goh, Zi Han"]
[Black "Jin, Yueheng"]
[Result "1/2-1/2"]
[WhiteElo "2334"]
[BlackElo "2398"]
[PlyCount "208"]
[EventDate "2023.10.11"]
[EventType "swiss"]
[EventRounds "9"]
[EventCountry "QAT"]
[SourceTitle "Mega2024 Update 01"]
[Source "Chessbase"]
[SourceDate "2023.11.12"]
[SourceVersion "1"]
[SourceVersionDate "2023.11.12"]
[SourceQuality "1"]

1. d4 d5 2. c4 e6 3. Nf3 Nf6 4. g3 Be7 5. Bg2 0-0 6. 0-0 dxc4 7. Na3 Bxa3 8. bxa3 Bd7 9. a4 Bc6 10. Ba3 Re8 11. Qc2 Nbd7 12. Rfe1 a5 13. Qxc4 Nb6 14. Qd3 Be4 15. Qb3 Qd7 16. Rac1 Rec8 17. Qb5 Nxa4 18. Qe5 b5 19. Bc5 Qd5 20. Qf4 Nxc5 21. Rxc5 Qxa2 22. Rxc7 Rxc7 23. Qxc7 Rf8 24. Ne5 Bxg2 25. Kxg2 a4 26. Qc3 Nd5 27. Qc5 Qd2 28. Kf1 Qb4 29. Qa7 Qc3 30. Rb1 Qc2 31. Ra1 Nc3 32. Nd7 Qxe2+ 33. Kg1 Nd1 34. d5 Rd8 35. Rc1 h6 36. dxe6 fxe6 37. Rc7 Qb2 38. Rb7 a3 39. Rb8 Rxb8 40. Qxb8+ Kf7 41. Qf8+ Kg6 42. Qe8+ Kf5 43. Qh5+ Ke4 44. Qxd1 Qd4 45. Qe2+ Kd5 46. Qxb5+ Kd6 47. Qa6+ Kxd7 48. Qxa3 Kc6 49. Qa6+ Kd5 50. Qb7+ Kd6 51. Qa6+ Ke5 52. Qe2+ Kd6 53. Qa6+ Ke7 54. Qb7+ Kf6 55. Qf3+ Kg6 56. h4 h5 57. Qf8 Qg4 58. Qe8+ Kf6 59. Qf8+ Ke5 60. Qc5+ Ke4 61. Qc4+ Kf5 62. Qc5+ Kg6 63. Qe5 Qd1+ 64. Kh2 Qd5 65. Qe3 Qf5 66. Qb6 Qe5 67. Qd8 Qc5 68. Qd2 Qd5 69. Qe3 Kf6 70. Qf4+ Qf5 71. Qe3 Qg4 72. Kg2 Qf5 73. Kh2 Qe5 74. Qf3+ Kg6 75. Qd3+ Qf5 76. Qe3 Kf7 77. Qa7+ Kf6 78. Qe3 g6 79. Kg2 Qd5+ 80. Kh2 Qe5 81. Qf3+ Qf5 82. Qe3 Qg4 83. Qc3+ e5 84. Qe3 Qd4 85. Qf3+ Ke6 86. Qf8 Qe4 87. Qe8+ Kd5 88. Qb5+ Kd6 89. Qb6+ Qc6 90. Qe3 Qc2 91. Kg1 Kd5 92. Qf3+ Qe4 93. Qb3+ Qc4 94. Qb7+ Qc6 95. Qb3+ Kd6 96. Qd3+ Ke7 97. Qe3 Qe6 98. Qg5+ Kf7 99. Qe3 Qf5 100. Qa7+ Kf6 101. Qb6+ Qe6 102. Qd8+ Kf7 103. Qc7+ Kf6 104. Qd8+ Kf7 1/2-1/2

[Event "Qatar Masters op"]
[Site "Doha"]
[Date "2023.10.13"]
[Round "3"]
[White "Goh, Zi Han"]
[Black "Abdurakhmanov, Mukhmmadali"]
[Result "0-1"]
[WhiteElo "2334"]
[BlackElo "2405"]
[PlyCount "116"]
[EventDate "2023.10.11"]
[EventType "swiss"]
[EventRounds "9"]
[EventCountry "QAT"]
[SourceTitle "Mega2024 Update 01"]
[Source "Chessbase"]
[SourceDate "2023.11.12"]
[SourceVersion "1"]
[SourceVersionDate "2023.11.12"]
[SourceQuality "1"]

1. d4 Nf6 2. Nf3 e6 3. c4 d5 4. g3 dxc4 5. Bg2 a6 6. 0-0 Nc6 7. e3 Rb8 8. Qe2 b5 9. b3 cxb3 10. axb3 Be7 11. Bd2 0-0 12. Rc1 Bb7 13. Ne1 Nd5 14. Nd3 Qd7 15. Nc3 Ndb4 16. Ne4 Nxd3 17. Qxd3 e5 18. Nc5 Bxc5 19. Rxc5 exd4 20. Rac1 Nd8 21. Rxc7 Qg4 22. Bxb7 Rxb7 23. Rxb7 Nxb7 24. Qxd4 h5 25. Qxg4 hxg4 26. Rc7 Rd8 27. Rxb7 Rxd2 28. Ra7 Ra2 29. b4 g6 30. Kg2 Kg7 31. Rc7 Kf6 32. Rc5 Kg7 33. Rc6 g5 34. Rd6 f6 35. Rc6 Kf7 36. Rb6 Kg6 37. Rd6 Kf5 38. Rd5+ Ke6 39. Rc5 f5 40. e4 fxe4 41. Rxg5 e3 42. Rxg4 Rxf2+ 43. Kg1 Kd5 44. Rg8 Kc4 45. Rg6 Rd2 46. Kf1 Rxh2 47. Rxa6 Kxb4 48. Re6 Ka4 49. Rxe3 b4 50. Re8 b3 51. Ra8+ Kb4 52. Rb8+ Kc3 53. Rc8+ Kd3 54. Rd8+ Kc2 55. Rc8+ Kd1 56. Rb8 b2 57. g4 Kc1 58. Rc8+ Rc2 0-1

[Event "Titled Tuesday intern op 05th Sep Early"]
[Site "Chess.com INT"]
[Date "2023.09.05"]
[Round "9"]
[White "Clarke, Adani"]
[Black "Goh, Zi Han"]
[Result "0-1"]
[WhiteElo "1842"]
[BlackElo "2334"]
[PlyCount "138"]
[EventDate "2023.09.05"]
[EventType "swiss (blitz)"]
[EventRounds "11"]
[EventCountry "USA"]
[SourceTitle "EXT 2024"]
[Source "ChessBase"]
[SourceDate "2023.10.10"]
[SourceVersion "1"]
[SourceVersionDate "2023.10.10"]
[SourceQuality "1"]

1. d4 d5 2. c4 c6 3. cxd5 cxd5 4. Bg5 Nf6 5. Bxf6 exf6 6. e3 Bd6 7. Nc3 Be6 8. Qa4+ Nd7 9. Qb3 0-0 10. Nf3 f5 11. Be2 Nf6 12. 0-0 Qe7 13. Nb5 Bb8 14. Rac1 f4 15. Ne5 Ne4 16. Nf3 a6 17. Nc3 fxe3 18. fxe3 Rd8 19. Rfd1 Bd6 20. Na4 b5 21. Nc3 Qf6 22. Rf1 Qh6 23. Qc2 Qxe3+ 24. Kh1 Nf2+ 25. Rxf2 Qxf2 26. Rf1 Qe3 27. Nd1 Qh6 28. Nf2 Rac8 29. Qd1 Rc7 30. a4 bxa4 31. Qxa4 Rdc8 32. Bxa6 Rc1 33. Be2 g5 34. Qa6 R1c6 35. Qa4 g4 36. Ne5 Bxe5 37. dxe5 g3 38. Ng4 Bxg4 39. Qxg4+ Qg6 40. Qf4 gxh2 41. Kxh2 Rc2 42. Rf2 Rxe2 43. Rxe2 Qh5+ 44. Kg1 Qxe2 45. Qg5+ Kf8 46. Qf6 Qd1+ 47. Kh2 Qh5+ 48. Kg1 Rc1+ 49. Kf2 Qg6 50. Qd8+ Kg7 51. Qxd5 Rc2+ 52. Kf1 Qf5+ 53. Kg1 Rxb2 54. Qd4 Rb1+ 55. Kh2 Qh5+ 56. Kg3 Rb3+ 57. Kf2 Qf5+ 58. Kg1 Rg3 59. e6+ Qf6 60. Qd6 Rg6 61. e7 Qxd6 62. e8Q Qg3 63. Qe2 Qg5 64. Qf2 Qf6 65. Qb2 Qxb2 66. Kh2 Qb1 67. Kh3 Qc2 68. g4 Qe4 69. Kh4 Qxg4# 0-1

[Event "Titled Tuesday intern op 05th Sep Early"]
[Site "Chess.com INT"]
[Date "2023.09.05"]
[Round "7"]
[White "Goh, Zi Han"]
[Black "Vargas, Mauricio"]
[Result "1-0"]
[WhiteElo "2334"]
[BlackElo "1961"]
[PlyCount "65"]
[EventDate "2023.09.05"]
[EventType "swiss (blitz)"]
[EventRounds "11"]
[EventCountry "USA"]
[SourceTitle "EXT 2024"]
[Source "ChessBase"]
[SourceDate "2023.10.10"]
[SourceVersion "1"]
[SourceVersionDate "2023.10.10"]
[SourceQuality "1"]

1. d4 d5 2. c4 e6 3. Nf3 c6 4. g3 Nf6 5. Bg2 Nbd7 6. 0-0 dxc4 7. Nbd2 b5 8. a4 a6 9. b3 c3 10. Nb1 b4 11. Qc2 Bb7 12. e4 a5 13. Bf4 c5 14. d5 exd5 15. exd5 Bxd5 16. Re1+ Be6 17. Ng5 Ra6 18. Bf1 Rb6 19. Bc4 Be7 20. Bxe6 fxe6 21. Nxe6 Rxe6 22. Rxe6 0-0 23. Nxc3 bxc3 24. Qxc3 Kh8 25. Rae1 Nd5 26. Qd2 Nxf4 27. Rxe7 Nh3+ 28. Kg2 Nxf2 29. Qxd7 Qa8+ 30. Qb7 Qd8 31. Rf7 Rxf7 32. Qxf7 Qa8+ 33. Kxf2 1-0

[Event "Teplice op"]
[Site "Teplice"]
[Date "2023.06.17"]
[Round "8"]
[White "Goh, Zi Han"]
[Black "Kusa, Jakub"]
[Result "1/2-1/2"]
[WhiteElo "2162"]
[BlackElo "2341"]
[PlyCount "64"]
[EventDate "2023.06.10"]
[EventType "swiss"]
[EventRounds "9"]
[EventCountry "CZE"]
[SourceTitle "CBM 214 Extra"]
[Source "ChessBase"]
[SourceDate "2023.07.31"]
[SourceVersion "1"]
[SourceVersionDate "2023.07.31"]
[SourceQuality "1"]

1. d4 d5 2. c4 e6 3. Nf3 Nf6 4. g3 dxc4 5. Bg2 a6 6. Ne5 c5 7. dxc5 Qxd1+ 8. Kxd1 Bxc5 9. Nd2 0-0 10. Ndxc4 Rd8+ 11. Bd2 Nd5 12. Nd3 Ba7 13. Ba5 Rf8 14. e4 Ne7 15. Bb6 Bd7 16. Ke2 Bb5 17. Bxa7 Rxa7 18. Rhc1 Nbc6 19. a4 Bxc4 20. Rxc4 Rd8 21. a5 Raa8 22. Nc5 Rab8 23. b4 b5 24. axb6 Rxb6 25. Rxa6 Rxb4 26. Rxb4 Nxb4 27. Rb6 Nbc6 28. Ke3 h6 29. Bf1 Rb8 30. Rxb8+ Nxb8 31. Bb5 Nbc6 32. Bxc6 Nxc6 1/2-1/2

[Event "Teplice op"]
[Site "Teplice"]
[Date "2023.06.13"]
[Round "4"]
[White "Goh, Zi Han"]
[Black "Ioannidis, Evgenios"]
[Result "0-1"]
[WhiteElo "2162"]
[BlackElo "2471"]
[PlyCount "98"]
[EventDate "2023.06.10"]
[EventType "swiss"]
[EventRounds "9"]
[EventCountry "CZE"]
[SourceTitle "CBM 214 Extra"]
[Source "ChessBase"]
[SourceDate "2023.07.31"]
[SourceVersion "1"]
[SourceVersionDate "2023.07.31"]
[SourceQuality "1"]

1. d4 d5 2. c4 e6 3. Nc3 Bb4 4. Nf3 dxc4 5. Bg5 Ne7 6. e4 b5 7. a4 c6 8. Be2 f6 9. Be3 0-0 10. 0-0 Qd7 11. Na2 Ba5 12. b3 cxb3 13. Qxb3 Ba6 14. Nc1 bxa4 15. Rxa4 Bxe2 16. Nxe2 Bc7 17. Bf4 Bb6 18. Bg3 Ng6 19. h4 h5 20. Rc1 Qf7 21. e5 Kh8 22. exf6 gxf6 23. Nd2 Nd7 24. Rxc6 e5 25. Qf3 Qh7 26. Nc4 exd4 27. Rxb6 Nxb6 28. Nxb6 Ne5 29. Bxe5 fxe5 30. Qd5 Qb1+ 31. Kh2 Qxb6 32. Qxe5+ Rf6 33. Qxh5+ Rh6 34. Qe5+ Qf6 35. Qxd4 Qxd4 36. Rxd4 a5 37. Nc3 Rb6 38. g3 Rb4 39. Rd7 a4 40. Nxa4 Rbxa4 41. Kh3 Rf8 42. Rd2 Ra3 43. Rc2 Kg7 44. Rb2 Kf6 45. f4 Rg8 46. Rg2 Kf5 47. Rg1 Rb3 48. Rg2 Rf3 49. Rg1 Rxf4 0-1

[Event "Rilton Cup 50th"]
[Site "Stockholm"]
[Date "2023.01.02"]
[Round "6"]
[White "Mittelberger, Peter"]
[Black "Goh, Zi Han"]
[Result "0-1"]
[WhiteElo "2206"]
[BlackElo "2126"]
[PlyCount "178"]
[EventDate "2022.12.27"]
[EventType "swiss"]
[EventRounds "9"]
[EventCountry "SWE"]
[SourceTitle "CBM 212 Extra"]
[Source "ChessBase"]
[SourceDate "2023.03.31"]
[SourceVersion "1"]
[SourceVersionDate "2023.03.31"]
[SourceQuality "1"]

1. c4 e6 2. Nc3 d5 3. cxd5 exd5 4. d4 c6 5. Nf3 Bf5 6. Bf4 Bd6 7. Bxd6 Qxd6 8. e3 Nf6 9. Bd3 Bxd3 10. Qxd3 Nbd7 11. 0-0 0-0 12. h3 Rae8 13. Nd2 Qe7 14. b4 Ne4 15. b5 f5 16. bxc6 bxc6 17. Ncxe4 fxe4 18. Qc3 Rf6 19. Rae1 Rg6 20. f3 Qh4 21. Kh1 exf3 22. Nxf3 Qg3 23. Re2 Rge6 24. Qe1 Qg6 25. Qc1 Nf6 26. Ne5 Qg5 27. Rf3 Ne4 28. Rc2 c5 29. Rxc5 Nxc5 30. Qxc5 Qd8 31. Qxa7 Rf6 32. Rxf6 Qxf6 33. Qb7 Qe6 34. a4 h5 35. a5 Re7 36. Qb5 Kh7 37. a6 Rc7 38. Qd3+ Kg8 39. Qb5 Kh7 40. Qb1+ g6 41. Qb8 Rc1+ 42. Kh2 Qxa6 43. Nf3 Qc8 44. Qf4 Qc7 45. Ne5 Rc3 46. Qf6 Qg7 47. Qf3 Qe7 48. Qxd5 Rxe3 49. Qc6 Qg7 50. Qd6 Re2 51. Qa6 Rc2 52. Qe6 Rc7 53. Qd6 Rc2 54. Qe6 Re2 55. Qa6 Rf2 56. Nf3 Re2 57. Ne5 Rf2 58. Nf3 Rb2 59. Ne5 Rb8 60. Qd6 Rf8 61. Qd5 Rf6 62. Nf3 Qe7 63. Ne5 Kg7 64. Kg1 Qc7 65. Nf3 Rb6 66. Ne5 Rd6 67. Qe4 Qa7 68. Nf3 Qd7 69. Qe5+ Kg8 70. Qe4 Qe6 71. Qf4 Qd5 72. Qe3 Re6 73. Qf4 Qd6 74. Qc1 Kg7 75. Qb2 Qd5 76. Qc2 Rc6 77. Qb2 Rc7 78. Qa3 Qc6 79. Kf2 Qc2+ 80. Kg3 h4+ 81. Kh2 Qe4 82. Qd6 Rc2 83. Qd7+ Kh6 84. Qf7 Qf5 85. Qxf5 gxf5 86. Nxh4 Kg5 87. Nf3+ Kf4 88. Nh4 Rd2 89. Nf3 Rd1 0-1

[Event "Rilton Cup 50th"]
[Site "Stockholm"]
[Date "2022.12.28"]
[Round "2"]
[White "Goh, Zi Han"]
[Black "Milikow, Yoav"]
[Result "0-1"]
[WhiteElo "2126"]
[BlackElo "2416"]
[PlyCount "69"]
[EventDate "2022.12.27"]
[EventType "swiss"]
[EventRounds "9"]
[EventCountry "SWE"]
[SourceTitle "CBM 212 Extra"]
[Source "ChessBase"]
[SourceDate "2023.03.31"]
[SourceVersion "1"]
[SourceVersionDate "2023.03.31"]
[SourceQuality "1"]

1. d4 Nf6 2. c4 g6 3. Nc3 d5 4. cxd5 Nxd5 5. e4 Nxc3 6. bxc3 Bg7 7. Bc4 c5 8. Ne2 Nc6 9. Be3 0-0 10. 0-0 Bg4 11. f3 Na5 12. Bd3 cxd4 13. cxd4 Be6 14. Rc1 Bxa2 15. Qa4 Be6 16. d5 Bd7 17. Qb4 b5 18. Nd4 Nc4 19. Bxc4 a5 20. Qd2 bxc4 21. Rxc4 a4 22. Bh6 Bxh6 23. Qxh6 Qb6 24. Kh1 Rfc8 25. Rxc8+ Rxc8 26. Qe3 a3 27. e5 a2 28. e6 Be8 29. Qd3 Qb2 30. Qd1 Ra8 31. exf7+ Kxf7 32. Nb3 Ba4 33. Qe1 Bxb3 34. Qe6+ Kf8 35. Re1 0-1

[Event "Rilton Cup 50th"]
[Site "Stockholm"]
[Date "2022.12.27"]
[Round "1"]
[White "Goh, Zi Han"]
[Black "Rietze, Clemens"]
[Result "1-0"]
[WhiteElo "2126"]
[BlackElo "2359"]
[PlyCount "147"]
[EventDate "2022.12.27"]
[EventType "swiss"]
[EventRounds "9"]
[EventCountry "SWE"]
[SourceTitle "CBM 212 Extra"]
[Source "ChessBase"]
[SourceDate "2023.03.31"]
[SourceVersion "1"]
[SourceVersionDate "2023.03.31"]
[SourceQuality "1"]

1. d4 d5 2. c4 e6 3. Nf3 Nf6 4. g3 Bb4+ 5. Nbd2 0-0 6. Bg2 dxc4 7. 0-0 b5 8. a4 c6 9. Ne1 Nd5 10. Nc2 Be7 11. e4 Nb6 12. a5 N6d7 13. e5 Bb7 14. Ne4 Na6 15. Qg4 Kh8 16. Ng5 Bxg5 17. Bxg5 Qe8 18. Qh4 f6 19. exf6 gxf6 20. Bf4 Qf7 21. Rae1 Rae8 22. Bf3 Ba8 23. Bh5 Qg7 24. Bxe8 Rxe8 25. Ne3 Qg6 26. Bd6 c5 27. Rd1 Qe4 28. Qxe4 Bxe4 29. Rfe1 Bf3 30. Rd2 Kg8 31. Nc2 Kf7 32. Re3 Bd5 33. dxc5 Ndxc5 34. Bxc5 Nxc5 35. Nb4 Rd8 36. Rd1 Rd6 37. f4 Na6 38. Nc2 Rd7 39. b3 Rc7 40. bxc4 Rxc4 41. Nd4 b4 42. f5 e5 43. Nb5 Rc5 44. Red3 Bc6 45. Nxa7 Ba4 46. Ra1 b3 47. Rxa4 b2 48. Rb3 Rc1+ 49. Kg2 b1Q 50. Rxb1 Rxb1 51. Nc8 Rb2+ 52. Kh3 Ke8 53. Rh4 Kd7 54. Nb6+ Kc6 55. Rxh7 e4 56. Re7 Nc5 57. Nc4 Rf2 58. a6 Rxf5 59. a7 Rh5+ 60. Kg4 Rh8 61. Kf5 Ra8 62. Kxf6 e3 63. Nxe3 Nd7+ 64. Kf5 Rxa7 65. h4 Ra5+ 66. Kf4 Nf8 67. Re8 Ng6+ 68. Kg4 Kd7 69. Re4 Ne5+ 70. Kh3 Nf3 71. Rf4 Ne5 72. Nc4 Nxc4 73. Rxc4 Ke6 74. Rf4 1-0

[Event "Titled Tuesday intern op 15th Nov Early"]
[Site "Chess.com INT"]
[Date "2022.11.15"]
[Round "2"]
[White "Goh, Zi Han"]
[Black "Mohamed, Anees M"]
[Result "0-1"]
[WhiteElo "2126"]
[BlackElo "2237"]
[PlyCount "98"]
[EventDate "2022.11.15"]
[EventType "swiss (blitz)"]
[EventRounds "11"]
[EventCountry "USA"]
[SourceTitle "CBM 211 Extra"]
[Source "ChessBase"]
[SourceDate "2023.01.31"]
[SourceVersion "1"]
[SourceVersionDate "2023.01.31"]
[SourceQuality "1"]

1. d4 d5 2. c4 c6 3. Nf3 Nf6 4. g3 Bf5 5. Bg2 e6 6. 0-0 h6 7. Nc3 Be7 8. h3 0-0 9. Nd2 Nbd7 10. e4 dxe4 11. Ndxe4 Nxe4 12. Nxe4 Nf6 13. Nc3 Qb6 14. b3 Rfd8 15. Be3 c5 16. dxc5 Bxc5 17. Bxc5 Qxc5 18. Qe2 Bd3 19. Qf3 Bxf1 20. Rxf1 Rab8 21. Re1 b6 22. Ne2 Rd2 23. Qf4 Rbd8 24. Nc3 R8d3 25. Be4 Rd8 26. Bg2 Qd4 27. Ne4 Nxe4 28. Bxe4 Rxa2 29. Qf3 Ra1 30. Rxa1 Qxa1+ 31. Kg2 Qd1 32. Qf4 Qxb3 33. Qc7 Rf8 34. c5 bxc5 35. Qxc5 Qb6 36. Qe5 a5 37. Bc2 Qb4 38. Qe3 Rd8 39. Qa7 g6 40. h4 Qc3 41. Be4 h5 42. Bf3 Rd2 43. Qa6 Qd4 44. Qf1 a4 45. Qe1 a3 46. Be4 a2 47. Bxg6 Qxf2+ 48. Qxf2 Rxf2+ 49. Kxf2 fxg6 0-1

[Event "Titled Tuesday intern op 08th Nov Early"]
[Site "Chess.com INT"]
[Date "2022.11.08"]
[Round "4"]
[White "Goh, Zi Han"]
[Black "Zaragatski, Ilja"]
[Result "0-1"]
[WhiteElo "2126"]
[BlackElo "2509"]
[PlyCount "114"]
[EventDate "2022.11.08"]
[EventType "swiss (blitz)"]
[EventRounds "11"]
[EventCountry "USA"]
[SourceTitle "EXT 2024"]
[Source "ChessBase"]
[SourceDate "2023.10.10"]
[SourceVersion "1"]
[SourceVersionDate "2023.10.10"]
[SourceQuality "1"]

1. d4 Nf6 2. c4 c5 3. d5 b5 4. cxb5 a6 5. b6 d6 6. Nc3 Qxb6 7. Nf3 g6 8. e4 Bg4 9. Be2 Bxf3 10. Bxf3 Nbd7 11. 0-0 Bg7 12. Bf4 0-0 13. Qd2 Ne8 14. a4 Nc7 15. a5 Qb7 16. Rfe1 Rab8 17. Rab1 Nb5 18. Nxb5 Qxb5 19. Be2 Qb4 20. Bxa6 Ra8 21. Qxb4 cxb4 22. Bb7 Rxa5 23. Bd2 Rb8 24. Bc6 Nc5 25. f4 Bd4+ 26. Kf1 Nd3 27. Re2 Nxb2 28. e5 Nd3 29. exd6 exd6 30. g3 Ra2 31. Be3 Rxe2 32. Kxe2 Bxe3 33. Kxd3 Bc5 34. Kc4 Kg7 35. Kb3 Kf6 36. Re1 Rb6 37. Re2 h5 38. h3 Rb8 39. g4 hxg4 40. hxg4 Rh8 41. g5+ Kf5 42. Re7 Rh3+ 43. Kc4 Rc3+ 44. Kb5 Kxf4 45. Rxf7+ Kxg5 46. Rf1 Rc2 47. Rb1 Kg4 48. Bd7+ Kg3 49. Be8 g5 50. Bg6 Rc3 51. Be4 g4 52. Rg1+ Bxg1 53. Bg6 Rc5+ 54. Kxb4 Rxd5 55. Be4 Re5 56. Kc4 Bc5 57. Bd5 Rxd5 0-1

[Event "Titled Tuesday intern op 01st Nov Early"]
[Site "Chess.com INT"]
[Date "2022.11.01"]
[Round "6"]
[White "Buscar, Michael"]
[Black "Goh, Zi Han"]
[Result "0-1"]
[WhiteElo "2041"]
[BlackElo "2126"]
[PlyCount "48"]
[EventDate "2022.11.01"]
[EventType "swiss (blitz)"]
[EventRounds "11"]
[EventCountry "USA"]
[SourceTitle "EXT 2024"]
[Source "ChessBase"]
[SourceDate "2023.10.10"]
[SourceVersion "1"]
[SourceVersionDate "2023.10.10"]
[SourceQuality "1"]

1. d4 Nf6 2. c4 g6 3. Nc3 Bg7 4. e4 d6 5. Nf3 0-0 6. Be2 e5 7. Be3 Nc6 8. d5 Ne7 9. 0-0 Ng4 10. Bg5 h6 11. Bh4 g5 12. Bg3 f5 13. exf5 Nxf5 14. Ne1 Nf6 15. Nc2 Qe8 16. b4 h5 17. f3 h4 18. Bf2 Nh5 19. Ne4 Nf4 20. Nxg5 Qg6 21. g3 Qxg5 22. Kh1 hxg3 23. hxg3 Nxg3+ 24. Bxg3 Qxg3 0-1

[Event "Titled Tuesday intern op 01st Nov Early"]
[Site "Chess.com INT"]
[Date "2022.11.01"]
[Round "4"]
[White "Goh, Zi Han"]
[Black "Jiganchine, Roman"]
[Result "1-0"]
[WhiteElo "2126"]
[BlackElo "2205"]
[PlyCount "141"]
[EventDate "2022.11.01"]
[EventType "swiss (blitz)"]
[EventRounds "11"]
[EventCountry "USA"]
[SourceTitle "EXT 2024"]
[Source "ChessBase"]
[SourceDate "2023.10.10"]
[SourceVersion "1"]
[SourceVersionDate "2023.10.10"]
[SourceQuality "1"]

1. d4 d5 2. c4 e6 3. Nc3 Nf6 4. cxd5 exd5 5. Bg5 c6 6. e3 Bf5 7. Qf3 Bg6 8. Bxf6 Qxf6 9. Qxf6 gxf6 10. Nf3 Nd7 11. g3 Nb6 12. Nh4 Nc8 13. Bh3 Nd6 14. 0-0 Be7 15. Ne2 a5 16. Rfc1 a4 17. Nf4 a3 18. b3 0-0 19. Nf3 Ne4 20. g4 Bb4 21. Ne2 Rfe8 22. Ne1 Kg7 23. Bg2 f5 24. Nd3 Bd6 25. gxf5 Bxf5 26. Ndf4 Bg6 27. h4 Nf6 28. Bf3 Be4 29. Bxe4 Nxe4 30. f3 Nf6 31. Kf2 Re7 32. Rg1+ Kf8 33. Rad1 Rae8 34. Rd3 c5 35. Nh3 cxd4 36. Nxd4 Bc5 37. Re1 h6 38. Nf4 Bb6 39. Ng2 Ba5 40. Rc1 Bb6 41. Rc2 Re5 42. Rcc3 Ba5 43. Rc5 Bb6 44. Rb5 Nd7 45. Rb4 R8e7 46. Ra4 Nc5 47. Ra8+ Kg7 48. Rd2 Ne6 49. Nxe6+ R5xe6 50. Rd3 d4 51. e4 Rc6 52. Nf4 Rc2+ 53. Kg3 Rxa2 54. Nh5+ Kg6 55. Nf4+ Kg7 56. Kg4 Bc7 57. Nh5+ Kg6 58. Rg8+ Kh7 59. Rg7+ Kh8 60. Rxd4 Rg2+ 61. Kf5 Rg5+ 62. hxg5 Re5+ 63. Kf6 Re6+ 64. Kxf7 hxg5 65. Rg8+ Kh7 66. Nf6+ Rxf6+ 67. Kxf6 Kxg8 68. Kxg5 Bf4+ 69. Kxf4 Kf7 70. Kf5 b6 71. Ra4 1-0